00320nam a2200097Ia 4500008004100000100001200041245004600053245005600099260000900155856005800164160531s9999 xx 000 0 und d aLee, T. aOptical Microscopy of Soft Matter Systems cby T. Lee, B. Senyuk, R. P. Trivedi, I. I. Smalyukh c2011 uhttps://arxiv.org/ftp/arxiv/papers/1108/1108.3287.pdf